00000000nas##2200000za#4500
0019.512913
003CaOODSP
00520200325125808
007ta
008150406c1997||||xxc|| m #||||f|   |0fre|d
040 |aCaOODSP|bfre
043 |an-cn---
0861 |aD83-5F
1101 |aCanada.|bProtection civile Canada.
24510|aRapport de projet
260 |aOttawa - Ontario : |bProtection civile Canada
500 |aDonnées de catalogage avant publication (Canada) imprimées dans ces publications.
563 |aFeuilles mobiles
77508|tProject report |w(CaOODSP)9.514505
7760#|tRapport de projet |w(CaOODSP)9.503512